Appointing our Judges forging Independence and accountability : (Record no. 104655)

MARC details
000 -LEADER
fixed length control field 00700nam a22001937a 4500
005 - DATE AND TIME OF LATEST TRANSACTION
control field 20161116164653.0
010 ## - LCCN (DPL NO)
LC control number ENG-116580
020 ## - INTERNATIONAL STANDARD BOOK NUMBER
Terms of availability 500.00
International Standard Book Number 9789351434481
035 ## - SYSTEM CONTROL NUMBER
System control number EN-100112
037 ## - SOURCE OF ACQUISITION
Source of stock number/acquisition DBAD/PUB
082 ## - DEWEY DECIMAL CLASSIFICATION NUMBER
Classification number 347.54014
245 ## - TITLE STATEMENT
Title Appointing our Judges forging Independence and accountability :
Remainder of title essay on Judicial appintments and an analysis of the NJAC Judgment /
Statement of responsibility, etc edited by Santosh Paul
260 ## - PUBLICATION, DISTRIBUTION, ETC. (IMPRINT)
Place of publication, distribution, etc Gurgoan
Name of publisher, distributor, etc LexisNexis
Date of publication, distribution, etc 2016
270 ## - ADDRESS
City Gurgoan
Postal code 122002
Address 14th Floor, Building No. 10, Tower-B, DLF Cyber City, Phase-II
300 ## - PHYSICAL DESCRIPTION
Extent xv,370p.
Dimensions 21cm(pbk)
500 ## - GENERAL NOTE
General note Includes index
700 ## - ADDED ENTRY--PERSONAL NAME
Personal name Paul,Santosh
942 ## - ADDED ENTRY ELEMENTS (KOHA)
Source of classification or shelving scheme Dewey Decimal Classification
Item type English Books
Call number suffix PAU
Classification part 347.54014
Holdings
Withdrawn status Lost status Not for loan Collection code Home library Current library Date acquired Source of acquisition Cost, normal purchase price Full call number Barcode Copy number Cost, replacement price Koha item type
    Not For Loan Non-fiction D.B.Act.Division Mobile Library 16/11/2016 DBAD/PUB 500.00 347.54014 PAU EN-100112 1 500.00 English Books

© Delhi Public Library
Hit Counter
free hit counter